Falsedades documentales por computadora (Registro nro. 4670)

Detalles MARC
000 -Cabecera
Campo de control de longitud fija 00800aam a2200301 4500
005 - Fecha y hora de la última transacción
Campo de control 20260417191406.0
008 - Elementos de longitud fija--Información general
Campo de control de longitud fija 150416b2002 xxu||||| |||| 00| 0 spa d
020 ## - International Standard Book Number
Número Internacional Estándar del Libro (ISBN) 98751705010
041 ## - Idioma
Código de idioma Español
082 ## - Clasificación Decimal Dewey
Número de clasificación 005.8 M274f
100 ## - Entrada principal--Autor personal
Nombre personal Manera, Alberto Eduardo
9 (RLIN) 33772
245 ## - Título propiamente dicho
Título Falsedades documentales por computadora
260 ## - Pie de imprenta
Lugar de publicación, distribución, etc. Argentina
260 ## - Pie de imprenta
Nombre del editor, distribuidor, etc. La Rocca
260 ## - Pie de imprenta
Fecha de publicación, distribución, etc. 2002
300 ## - Descripción física
Extensión 288 páginas
490 ## - Serie
Título de la Serie Investigación Criminal
650 ## - Materia general
Temática (materia general) DELITOS POR COMPUTADORAS
650 ## - Materia general
Temática (materia general) FALSEDADES DOCUMENTALES
650 ## - Materia general
Temática (materia general) ALTERACIONES FRAUDULENTAS
650 ## - Materia general
Temática (materia general) TIPOGRAFÍA
650 ## - Materia general
Temática (materia general) EQUIPO
650 ## - Materia general
Temática (materia general) FALSIFICACIÓN DE DOCUMENTOS
650 ## - Materia general
Temática (materia general) LEVANTAMIENTO DE FIRMAS SUPERPUESTAS
650 ## - Materia general
Temática (materia general) SELLOS
650 ## - Materia general
Temática (materia general) LOGOTIPOS
942 ## - Punto de acceso adicional KOHA
Tipo de ítem KOHA Libro
Fuente del sistema de clasificación o colocación Dewey Decimal Classification
Existencias
Signatura completa Código de barras Programa Académico Tipo de ítem
364.168 M274f 9069 Investigación Criminal Libro